[Event "Kimry-ch op"]
[Site "Kimry"]
[Date "2017.01.05"]
[Round "6"]
[White "Doronine, Vladimir"]
[Black "Sepp, Yuri"]
[Result "0-1"]
[WhiteElo "1723"]
[BlackElo "1865"]
[PlyCount "32"]
[EventDate "2017.01.02"]
[EventType "swiss"]
[EventRounds "9"]
[EventCountry "RUS"]
[SourceTitle "EXT 2018"]
[Source "ChessBase"]
[SourceDate "2017.10.13"]
[SourceVersion "1"]
[SourceVersionDate "2017.10.13"]
[SourceQuality "1"]

1. d4 Nf6 2. Nf3 d5 3. g3 e6 4. Bg2 c5 5. c4 Nc6 6. cxd5 exd5 7. Bg5 h6 8. Bxf6 Qxf6 9. Nc3 Be6 10. Nb5 Rc8 11. Qa4 Be7 12. Ne5 0-0 13. f4 cxd4 14. Nxc6 Rxc6 15. Qxd4 a6 16. Nc3 Qxd4 0-1

[Event "Kimry-ch op"]
[Site "Kimry"]
[Date "2017.01.04"]
[Round "4"]
[White "Volkov, Sergei"]
[Black "Sepp, Yuri"]
[Result "1-0"]
[WhiteElo "2294"]
[BlackElo "1865"]
[PlyCount "51"]
[EventDate "2017.01.02"]
[EventType "swiss"]
[EventRounds "9"]
[EventCountry "RUS"]
[SourceTitle "EXT 2018"]
[Source "ChessBase"]
[SourceDate "2017.10.13"]
[SourceVersion "1"]
[SourceVersionDate "2017.10.13"]
[SourceQuality "1"]

1. e4 e5 2. d4 exd4 3. Bc4 d6 4. Nf3 Nc6 5. Nxd4 Nxd4 6. Qxd4 Qf6 7. Qd3 Be6 8. Nc3 Ne7 9. Bxe6 Qxe6 10. Qb5+ Qd7 11. Qxb7 Qc6 12. Qxc6+ Nxc6 13. Be3 Be7 14. Nd5 Bd8 15. 0-0-0 0-0 16. Rhe1 a5 17. c3 f5 18. exf5 Rxf5 19. f4 Rf7 20. Kc2 a4 21. Bc1 Bf6 22. Re4 g6 23. Rc4 Ra6 24. Re1 Kg7 25. Ree4 a3 26. b4 1-0

[Event "Kimry Summer op"]
[Site "Kimry"]
[Date "2016.06.10"]
[Round "5"]
[White "Lisyanskaya, Alina"]
[Black "Sepp, Yuri"]
[Result "1-0"]
[WhiteElo "1628"]
[BlackElo "1915"]
[PlyCount "71"]
[EventDate "2016.06.08"]
[EventType "swiss"]
[EventRounds "7"]
[EventCountry "RUS"]
[SourceTitle "CBM 172 Extra"]
[Source "ChessBase"]
[SourceDate "2016.06.21"]
[SourceVersion "1"]
[SourceVersionDate "2016.06.21"]
[SourceQuality "1"]

1. e4 c5 2. Nf3 Nf6 3. Nc3 d6 4. d4 cxd4 5. Nxd4 a6 6. Be2 e5 7. Nb3 Be6 8. 0-0 Be7 9. Be3 0-0 10. Qd2 Qc7 11. Rfd1 Nbd7 12. f4 exf4 13. Bxf4 Ne5 14. Nd4 Rac8 15. Kh1 b5 16. a3 Qb7 17. Nf5 Bxf5 18. exf5 Rfd8 19. Qe1 Rc5 20. Qg3 Qc8 21. Rf1 Nc4 22. Bh6 Bf8 23. Bg5 Kh8 24. Bxf6 gxf6 25. Ne4 Rxf5 26. Bg4 Rxf1+ 27. Rxf1 Qb7 28. Nxf6 Ne5 29. Bc8 Qxg2+ 30. Qxg2 Bg7 31. Bb7 a5 32. Nh5 Bh6 33. Be4 Rg8 34. Qf2 Rg5 35. Qf6+ Kg8 36. Qxh6 1-0

[Event "Kimry-ch"]
[Site "Kimry"]
[Date "2015.01.05"]
[Round "7"]
[White "Lednev, Petr"]
[Black "Sepp, Yuri"]
[Result "0-1"]
[WhiteElo "1860"]
[BlackElo "1885"]
[PlyCount "80"]
[EventDate "2015.01.02"]
[EventType "swiss"]
[EventRounds "9"]
[EventCountry "RUS"]
[SourceTitle "CBM 164 Extra"]
[Source "ChessBase"]
[SourceDate "2015.03.02"]
[SourceVersion "1"]
[SourceVersionDate "2015.03.02"]
[SourceQuality "1"]

1. d4 Nf6 2. Nf3 d5 3. c4 e6 4. Bg5 Be7 5. Nc3 0-0 6. e3 h6 7. Bh4 Re8 8. Rc1 c6 9. a3 Nbd7 10. cxd5 exd5 11. b4 Nf8 12. Be2 a5 13. Qb3 axb4 14. axb4 Ng6 15. Bxf6 Bxf6 16. Na4 Bf5 17. Nc5 Qe7 18. 0-0 Nh4 19. b5 Nxf3+ 20. Bxf3 b6 21. Nd3 Ra3 22. Qb2 Bxd3 23. bxc6 Bxf1 24. Kxf1 Ra7 25. Qxb6 Qc7 26. Qxc7 Rxc7 27. Bxd5 Kf8 28. Bf3 Ra8 29. Rc4 Be7 30. Rc2 f5 31. g3 Bd6 32. Bg2 Ke7 33. Ke2 Ra1 34. f3 Rca7 35. e4 R1a2 36. Rxa2 Rxa2+ 37. Kf1 fxe4 38. fxe4 Rd2 39. e5 Bc7 40. d5 Bxe5 0-1

[Event "Konakovo Chervonny op"]
[Site "Konakovo"]
[Date "2012.09.23"]
[Round "6"]
[White "Kovalev, Aleksandr"]
[Black "Sepp, Yuri"]
[Result "1/2-1/2"]
[WhiteElo "1929"]
[BlackElo "1957"]
[PlyCount "104"]
[EventDate "2012.09.20"]
[EventType "swiss"]
[EventRounds "7"]
[EventCountry "RUS"]
[SourceTitle "CBM 150 Extra"]
[Source "ChessBase"]
[SourceDate "2012.10.19"]
[SourceVersion "1"]
[SourceVersionDate "2012.10.19"]
[SourceQuality "1"]

1. e4 c5 2. Nf3 Nc6 3. c3 d5 4. exd5 Qxd5 5. d4 Nf6 6. Be3 cxd4 7. Bxd4 Nxd4 8. Qxd4 Qxd4 9. Nxd4 a6 10. Nd2 e6 11. Bc4 Bd6 12. 0-0 0-0 13. Rad1 b5 14. Be2 Nd5 15. c4 bxc4 16. Nxc4 Bc5 17. a3 Bd7 18. Rd2 Rfd8 19. Bf3 Rac8 20. b3 Be8 21. Nc2 Rb8 22. b4 Be7 23. Bxd5 exd5 24. Na5 Bg5 25. f4 Bf6 26. Nd4 Rdc8 27. Rf3 Rc1+ 28. Kf2 Rbc8 29. Ndb3 Rh1 30. Kg3 Rd8 31. Rfd3 g5 32. fxg5 Bxg5 33. Rxd5 Rxd5 34. Rxd5 h6 35. Nc4 Bb5 36. Nd6 Be2 37. Nd4 Rd1 38. N6f5 Bc4 39. Rd6 Kh7 40. Nf3 Ra1 41. Nxg5+ hxg5 42. Rc6 Rxa3+ 43. Kg4 Bb5 44. Rh6+ Kg8 45. Kxg5 Bd7 46. Ne7+ Kg7 47. Rd6 Be6 48. h4 Rg3+ 49. Kf4 Rxg2 50. Rxa6 Rg4+ 51. Kf3 Rxb4 52. h5 Bg4+ 1/2-1/2

[Event "Dmitrov op"]
[Site "Dmitrov"]
[Date "2012.07.30"]
[Round "9"]
[White "Mozgunov, Mikhail"]
[Black "Sepp, Yuri"]
[Result "1-0"]
[WhiteElo "2029"]
[BlackElo "1967"]
[PlyCount "71"]
[EventDate "2012.07.25"]
[EventType "swiss"]
[EventRounds "9"]
[EventCountry "RUS"]
[SourceTitle "CBM 149 Extra"]
[Source "ChessBase"]
[SourceDate "2012.08.24"]
[SourceVersion "1"]
[SourceVersionDate "2012.08.24"]
[SourceQuality "1"]

1. e4 c5 2. Nf3 Nc6 3. d4 cxd4 4. Nxd4 e5 5. Nb5 a6 6. Nd6+ Bxd6 7. Qxd6 Qf6 8. Qd1 Qg6 9. Nc3 d5 10. Nxd5 Qxe4+ 11. Be3 Nd4 12. Nc7+ Ke7 13. Nxa8 Nxc2+ 14. Kd2 Bf5 15. Bc5+ Kf6 16. Kc3 Nxa1 17. Qd6+ Be6 18. Bd3 Qd5 19. Rxa1 g6 20. f4 Qxd6 21. Bxd6 exf4 22. Nb6 g5 23. Re1 Kg7 24. Bc4 Bxc4 25. Nxc4 f6 26. Re8 Kf7 27. Rb8 b5 28. Nd2 h5 29. Rb6 Nh6 30. Rxa6 Ng4 31. h4 Ne3 32. Ne4 g4 33. Bxf4 Nd5+ 34. Kd4 Ne7 35. Rxf6+ Ke8 36. Re6 1-0

[Event "Kimry op Aug"]
[Site "Kimry"]
[Date "2011.08.31"]
[Round "5"]
[White "Kroll, Dmitry V"]
[Black "Sepp, Yuri"]
[Result "0-1"]
[WhiteElo "1493"]
[BlackElo "1967"]
[PlyCount "112"]
[EventDate "2011.08.29"]
[EventType "swiss"]
[EventRounds "7"]
[EventCountry "RUS"]
[SourceTitle "CBM 144 Extra"]
[Source "ChessBase"]
[SourceDate "2011.10.28"]
[SourceVersion "1"]
[SourceVersionDate "2011.10.28"]
[SourceQuality "1"]

1. e4 e5 2. Nf3 Nc6 3. Bb5 a6 4. Bxc6 dxc6 5. h3 Bd6 6. Nc3 Qf6 7. d4 h6 8. dxe5 Bxe5 9. Nxe5 Qxe5 10. Be3 Nf6 11. Bd4 Qg5 12. Qf3 Be6 13. 0-0 0-0-0 14. Rad1 Qg6 15. Bc5 Nd7 16. Be3 f5 17. Qg3 Qf7 18. Rd2 g5 19. exf5 Bxf5 20. Rfd1 Qg6 21. Rc1 Rhe8 22. Ne2 Nf6 23. Rxd8+ Rxd8 24. Nd4 Bd7 25. c3 Nd5 26. Bd2 Qf7 27. Re1 Nf4 28. Bxf4 gxf4 29. Qf3 Qxa2 30. Qxf4 Qxb2 31. Re3 Qb1+ 32. Kh2 Qg6 33. Rg3 Qh7 34. Qf6 Qh8 35. Qe7 Qf8 36. Qe3 Re8 37. Qd2 Qd6 38. Qc2 Kb8 39. Kh1 Re1+ 40. Kh2 h5 41. Qd2 Re4 42. Qc2 Re1 43. Qd2 Re8 44. Qg5 Re5 45. Qg8+ Ka7 46. Nf3 Rc5 47. Ng5 h4 48. Ne4 hxg3+ 49. fxg3 Qd5 50. Qxd5 Rxd5 51. g4 a5 52. c4 Re5 53. Nc3 Rc5 54. Kg3 Rxc4 55. Nb1 a4 56. Kh4 b5 0-1

[Event "Kimry op Aug"]
[Site "Kimry"]
[Date "2011.08.30"]
[Round "3"]
[White "Nadeev, Sergey Vladimirovic"]
[Black "Sepp, Yuri"]
[Result "1-0"]
[WhiteElo "2323"]
[BlackElo "1967"]
[PlyCount "99"]
[EventDate "2011.08.29"]
[EventType "swiss"]
[EventRounds "7"]
[EventCountry "RUS"]
[SourceTitle "CBM 144 Extra"]
[Source "ChessBase"]
[SourceDate "2011.10.28"]
[SourceVersion "1"]
[SourceVersionDate "2011.10.28"]
[SourceQuality "1"]

1. e4 c5 2. Nf3 Nc6 3. d4 cxd4 4. Nxd4 e5 5. Nb5 a6 6. Nd6+ Bxd6 7. Qxd6 Qf6 8. Qa3 Nge7 9. Nc3 Rb8 10. Be3 b5 11. Nd5 Nxd5 12. exd5 Nd4 13. 0-0-0 Nf5 14. Bd3 d6 15. Kb1 Nxe3 16. fxe3 0-0 17. Rhg1 Qe7 18. g4 Bb7 19. Be4 Rfd8 20. h4 Rbc8 21. Qd3 g6 22. h5 Qg5 23. Rg2 Rc4 24. Rh1 Bc8 25. hxg6 fxg6 26. Rgh2 Rd7 27. Bxg6 Rxg4 28. Bxh7+ Kg7 29. b3 Rg1+ 30. Kb2 Rxh1 31. Rxh1 Rf7 32. Qc3 Bf5 33. Bxf5 Qxf5 34. Rg1+ Kf8 35. e4 Qd7 36. Qg3 Ke7 37. Qh4+ Ke8 38. Rg8+ Rf8 39. Qh5+ Qf7 40. Qxf7+ Kxf7 41. Rxf8+ Kxf8 42. c4 Ke7 43. b4 bxc4 44. Kc3 Kd7 45. Kxc4 Kc7 46. a4 Kb6 47. a5+ Ka7 48. b5 Kb7 49. b6 Kc8 50. Kd3 1-0

[Event "Kimry op Aug"]
[Site "Kimry"]
[Date "2011.08.30"]
[Round "4"]
[White "Sepp, Yuri"]
[Black "Fedorova, Anna1111"]
[Result "1-0"]
[WhiteElo "1967"]
[BlackElo "1898"]
[PlyCount "107"]
[EventDate "2011.08.29"]
[EventType "swiss"]
[EventRounds "7"]
[EventCountry "RUS"]
[SourceTitle "CBM 144 Extra"]
[Source "ChessBase"]
[SourceDate "2011.10.28"]
[SourceVersion "1"]
[SourceVersionDate "2011.10.28"]
[SourceQuality "1"]

1. e4 d5 2. exd5 Nf6 3. d4 Nxd5 4. c4 Nb6 5. Nc3 e5 6. dxe5 Qxd1+ 7. Kxd1 Nc6 8. f4 Bg4+ 9. Nf3 Nd4 10. Be2 Bxf3 11. Bxf3 Nxf3 12. gxf3 Nxc4 13. Ke2 0-0-0 14. b3 Nb6 15. Be3 Nd5 16. Nxd5 Rxd5 17. Rhd1 Rxd1 18. Rxd1 Bb4 19. Rd4 a5 20. f5 Bc3 21. Re4 Rd8 22. f4 Rd5 23. Rc4 Bb4 24. Kf3 b5 25. Rc2 Kd7 26. Ke4 Rd1 27. Rg2 Bf8 28. Rc2 Kd8 29. Bd4 Be7 30. Rg2 Bf8 31. e6 f6 32. Bc3 b4 33. Rd2+ Rxd2 34. Bxd2 Bc5 35. Kd5 Bb6 36. Bc1 Ke7 37. a3 c5 38. a4 g6 39. fxg6 hxg6 40. h4 f5 41. Be3 Ba7 42. Bxc5+ Bxc5 43. Kxc5 Kxe6 44. Kb5 Kd5 45. Kxa5 Ke4 46. Kxb4 Kxf4 47. a5 Kg4 48. a6 f4 49. a7 f3 50. a8Q Kg3 51. Qe4 Kg2 52. Qxg6+ Kf1 53. h5 f2 54. Qf5 1-0

[Event "Dmitrov op"]
[Site "Dmitrov"]
[Date "2011.07.30"]
[Round "4"]
[White "Khairov, Alexey"]
[Black "Sepp, Yuri"]
[Result "0-1"]
[WhiteElo "1581"]
[BlackElo "1967"]
[PlyCount "80"]
[EventDate "2011.07.29"]
[EventType "swiss"]
[EventRounds "9"]
[EventCountry "RUS"]
[SourceTitle "CBM 143 Extra"]
[Source "ChessBase"]
[SourceDate "2011.08.29"]
[SourceVersion "1"]
[SourceVersionDate "2011.08.29"]
[SourceQuality "1"]

1. d4 Nf6 2. c4 e6 3. Nf3 d5 4. Nc3 Be7 5. cxd5 exd5 6. Bg5 h6 7. Bf4 0-0 8. e3 Nh5 9. Be5 Nc6 10. Be2 Nxe5 11. Nxe5 Nf6 12. 0-0 c5 13. dxc5 Bxc5 14. Nd3 Bb6 15. Nf4 d4 16. exd4 Bxd4 17. Qd3 Be5 18. Qc4 Qd2 19. Nd3 Bxc3 20. Rfd1 Qxe2 21. Qxc3 Bf5 22. Rd2 Qg4 23. Re1 Bxd3 24. Rxd3 Rac8 25. Qb3 b6 26. Rg3 Qc4 27. Qf3 Qd4 28. b3 Rc5 29. Qe3 Qxe3 30. fxe3 Rc2 31. a4 Rb2 32. e4 Rc8 33. e5 Nh5 34. Rf3 Rcc2 35. g3 Rxh2 36. Rfe3 Rbg2+ 37. Kf1 Nxg3+ 38. Rxg3 Rxg3 39. Re2 Rxe2 40. Kxe2 Rxb3 0-1

[Event "Dmitrov op"]
[Site "Dmitrov"]
[Date "2011.07.29"]
[Round "2"]
[White "Dementieva, Julia"]
[Black "Sepp, Yuri"]
[Result "1/2-1/2"]
[WhiteElo "1683"]
[BlackElo "1967"]
[PlyCount "146"]
[EventDate "2011.07.29"]
[EventType "swiss"]
[EventRounds "9"]
[EventCountry "RUS"]
[SourceTitle "CBM 143 Extra"]
[Source "ChessBase"]
[SourceDate "2011.08.29"]
[SourceVersion "1"]
[SourceVersionDate "2011.08.29"]
[SourceQuality "1"]

1. e4 c5 2. Nf3 Nf6 3. Nc3 d6 4. d4 cxd4 5. Nxd4 Nc6 6. Be3 g6 7. f3 Bg7 8. Qd2 0-0 9. 0-0-0 Re8 10. Bc4 a6 11. h4 Ne5 12. Bb3 b5 13. g4 Nc4 14. Bxc4 bxc4 15. h5 Qa5 16. Qe2 e5 17. Nc6 Qc7 18. Nb4 Rb8 19. Nbd5 Nxd5 20. Nxd5 Qb7 21. Nb6 c3 22. b3 Qc6 23. Nc4 Bf8 24. hxg6 fxg6 25. Qd3 Be6 26. Na3 Red8 27. Nb1 Rbc8 28. Bf2 d5 29. Bg3 Bg7 30. Qe2 dxe4 31. fxe4 Rxd1+ 32. Kxd1 Qd7+ 33. Kc1 h5 34. Bf2 Bxg4 35. Qe3 Qd4 36. Na3 Qxe3+ 37. Bxe3 Bf3 38. Rf1 Bxe4 39. Nc4 Bg2 40. Rg1 Rf8 41. Kd1 Rf1+ 42. Ke2 Rxg1 43. Bxg1 Be4 44. Kd1 Bf3+ 45. Ke1 e4 46. Be3 Bf6 47. Bf2 g5 48. Ne3 h4 49. Kf1 Kf7 50. Kg1 g4 51. Nf5 g3 52. Be1 Be5 53. Nxh4 Kf6 54. Kf1 Kg5 55. Nxf3+ exf3 56. a4 g2+ 57. Kg1 Kf4 58. Bf2 Ke4 59. b4 Kd5 60. b5 axb5 61. axb5 Bd6 62. b6 Kc6 63. Bd4 Kd5 64. Bf2 Be5 65. Be3 Kc4 66. Bf2 Kb4 67. b7 Bb8 68. Bd4 Ka3 69. Kf2 Bh2 70. Kxf3 Kb2 71. Kxg2 Bb8 72. Kf3 Kxc2 73. Bxc3 Kxc3 1/2-1/2

[Event "Dmitrov op"]
[Site "Dmitrov"]
[Date "2010.08.17"]
[Round "6"]
[White "Sepp, Yuri"]
[Black "Rudenok, Tatiana"]
[Result "0-1"]
[WhiteElo "1937"]
[BlackElo "1944"]
[PlyCount "64"]
[EventDate "2010.08.14"]
[EventType "swiss"]
[EventRounds "9"]
[EventCountry "RUS"]
[SourceTitle "CBM 138 Extra"]
[Source "ChessBase"]
[SourceDate "2010.10.29"]
[SourceVersion "1"]
[SourceVersionDate "2010.10.29"]
[SourceQuality "1"]

1. e4 c5 2. Nf3 d6 3. d4 cxd4 4. Nxd4 Nf6 5. Nc3 g6 6. Be2 Bg7 7. Be3 0-0 8. f3 Nc6 9. Qd2 Nxd4 10. Bxd4 Be6 11. 0-0-0 Qa5 12. Kb1 Rfc8 13. a3 Rab8 14. Nd5 Qxd2 15. Nxf6+ Bxf6 16. Rxd2 Bxd4 17. Rxd4 Rc5 18. Rhd1 Rbc8 19. R1d2 Kg7 20. b4 Rc3 21. R4d3 R3c6 22. Kb2 a5 23. f4 axb4 24. axb4 f5 25. Bf3 Rb6 26. c3 Ra8 27. Kb1 Rba6 28. Rb2 Ra1+ 29. Kc2 fxe4 30. Bxe4 d5 31. Bxd5 Bf5 32. c4 R8a3 0-1

[Event "Dmitrov op"]
[Site "Dmitrov"]
[Date "2010.08.16"]
[Round "5"]
[White "Moiseev, Alexandr A"]
[Black "Sepp, Yuri"]
[Result "1-0"]
[WhiteElo "2042"]
[BlackElo "1937"]
[PlyCount "79"]
[EventDate "2010.08.14"]
[EventType "swiss"]
[EventRounds "9"]
[EventCountry "RUS"]
[SourceTitle "CBM 138 Extra"]
[Source "ChessBase"]
[SourceDate "2010.10.29"]
[SourceVersion "1"]
[SourceVersionDate "2010.10.29"]
[SourceQuality "1"]

1. e4 c5 2. Nc3 d6 3. g3 Nf6 4. Bg2 g6 5. f4 Nc6 6. d3 Bg7 7. Nf3 0-0 8. 0-0 Qc7 9. h3 a6 10. Be3 e6 11. g4 b5 12. a3 Bb7 13. Qe1 Nd7 14. Rb1 b4 15. axb4 cxb4 16. Ne2 Nc5 17. Qh4 Qe7 18. Qxe7 Nxe7 19. e5 Nd5 20. Bf2 b3 21. c4 Nb4 22. d4 Ncd3 23. exd6 Nxf2 24. Kxf2 Be4 25. Nd2 Bxb1 26. Bxa8 Bd3 27. Be4 Bxe2 28. Kxe2 Bxd4 29. Nxb3 Bxb2 30. c5 f5 31. Bg2 fxg4 32. hxg4 e5 33. d7 Rd8 34. c6 Nxc6 35. Bxc6 exf4 36. Rxf4 Be5 37. Rf3 Bc7 38. Nc5 Rb8 39. Ne6 Ba5 40. d8Q+ 1-0

[Event "Dmitrov op"]
[Site "Dmitrov"]
[Date "2010.08.14"]
[Round "1"]
[White "Denishev, Marat"]
[Black "Sepp, Yuri"]
[Result "1-0"]
[WhiteElo "2108"]
[BlackElo "1937"]
[PlyCount "81"]
[EventDate "2010.08.14"]
[EventType "swiss"]
[EventRounds "9"]
[EventCountry "RUS"]
[SourceTitle "CBM 138 Extra"]
[Source "ChessBase"]
[SourceDate "2010.10.29"]
[SourceVersion "1"]
[SourceVersionDate "2010.10.29"]
[SourceQuality "1"]

1. d4 Nf6 2. Nf3 d5 3. c4 e6 4. Nc3 Bb4 5. Bg5 0-0 6. e3 h6 7. Bh4 g5 8. Bg3 Ne4 9. Qb3 Bxc3+ 10. bxc3 c6 11. Bd3 Nd7 12. Bxe4 dxe4 13. Nd2 f5 14. c5 Qf6 15. Bd6 Rf7 16. 0-0 b5 17. f3 exf3 18. Rxf3 Qg6 19. Raf1 g4 20. Rf4 Nf6 21. e4 Nh5 22. exf5 exf5 23. R4f2 Be6 24. Qc2 Kh7 25. g3 Nf6 26. Re1 Re8 27. Rfe2 Bd7 28. c4 Rxe2 29. Rxe2 a6 30. a4 Ne4 31. Nxe4 fxe4 32. axb5 axb5 33. cxb5 cxb5 34. d5 Qf6 35. Qxe4+ Bf5 36. Qe5 Qg6 37. c6 Bc8 38. Bc5 Qb1+ 39. Re1 Qc2 40. Bd4 Kg6 41. Qe8 1-0

[Event "Moscow Region-ch op"]
[Site "Moscow"]
[Date "2009.08.04"]
[Round "9"]
[White "Pospelov, Sergey Lvovich"]
[Black "Sepp, Yuri"]
[Result "1-0"]
[WhiteElo "2033"]
[BlackElo "1947"]
[PlyCount "53"]
[EventDate "2009.07.29"]
[EventType "swiss"]
[EventRounds "10"]
[EventCountry "RUS"]
[SourceTitle "CBM 131 Extra"]
[Source "ChessBase"]
[SourceDate "2009.09.03"]
[SourceVersion "2"]
[SourceVersionDate "2009.09.16"]
[SourceQuality "1"]

1. e4 c5 2. Nc3 d6 3. f4 Nc6 4. Bb5 Bd7 5. Nf3 g6 6. 0-0 a6 7. Bxc6 bxc6 8. b3 Bg7 9. Bb2 Nf6 10. e5 Nd5 11. Ne2 0-0 12. c4 Nb6 13. Ng3 d5 14. d3 e6 15. Ba3 Qc7 16. Bxc5 Rfd8 17. Qd2 Nc8 18. h4 Be8 19. Qe3 Qb7 20. h5 Ne7 21. hxg6 hxg6 22. Kf2 Nf5 23. Nxf5 exf5 24. Rh1 f6 25. e6 a5 26. Nd4 dxc4 27. Qh3 1-0

[Event "Moscow Region-ch op"]
[Site "Moscow"]
[Date "2009.08.02"]
[Round "6"]
[White "Babarykin, Stanislav"]
[Black "Sepp, Yuri"]
[Result "1-0"]
[WhiteElo "2166"]
[BlackElo "1947"]
[PlyCount "70"]
[EventDate "2009.07.29"]
[EventType "swiss"]
[EventRounds "10"]
[EventCountry "RUS"]
[SourceTitle "CBM 131 Extra"]
[Source "ChessBase"]
[SourceDate "2009.09.03"]
[SourceVersion "2"]
[SourceVersionDate "2009.09.16"]
[SourceQuality "1"]

1. e4 c5 2. Nf3 Nc6 3. d4 cxd4 4. Nxd4 e5 5. Nb5 a6 6. Nd6+ Bxd6 7. Qxd6 Qf6 8. Qxf6 Nxf6 9. Nc3 Nb4 10. Bd3 d5 11. exd5 Nfxd5 12. Nxd5 Nxd5 13. Bd2 0-0 14. 0-0-0 Be6 15. Rhe1 Nf4 16. Bxf4 exf4 17. Be4 Rab8 18. Rd6 Rfe8 19. Bf3 Kf8 20. b3 g5 21. h3 Rec8 22. Rb6 Rc7 23. Kb2 Rd7 24. Re2 Rc7 25. c4 Bd7 26. Re5 f5 27. Bd5 Bc8 28. Kc3 g4 29. hxg4 fxg4 30. Rf6+ Kg7 31. Rxf4 h6 32. Re8 b5 33. Rg8+ Kh7 34. Rff8 Rg7 35. Rh8+ Kg6 1-0

[Event "Moscow Region-ch op"]
[Site "Moscow"]
[Date "2009.07.31"]
[Round "3"]
[White "Sepp, Yuri"]
[Black "Pugachov, Alexey"]
[Result "0-1"]
[WhiteElo "1947"]
[BlackElo "2445"]
[PlyCount "58"]
[EventDate "2009.07.29"]
[EventType "swiss"]
[EventRounds "10"]
[EventCountry "RUS"]
[SourceTitle "CBM 131 Extra"]
[Source "ChessBase"]
[SourceDate "2009.09.03"]
[SourceVersion "2"]
[SourceVersionDate "2009.09.16"]
[SourceQuality "1"]

1. e4 c5 2. Nf3 Nc6 3. d4 cxd4 4. Nxd4 g6 5. Be3 Bg7 6. Nc3 Nf6 7. Nxc6 bxc6 8. e5 Ng8 9. f4 f6 10. exf6 Nxf6 11. Be2 d6 12. 0-0 0-0 13. g4 e6 14. Bf3 Ba6 15. Re1 Qd7 16. h3 Rab8 17. Rb1 Kh8 18. Qd2 Bc4 19. b3 Bd5 20. Nxd5 exd5 21. Bd4 Rbe8 22. Qg2 c5 23. Rxe8 Qxe8 24. Bxf6 Bxf6 25. Bxd5 Bd4+ 26. Kh1 Rxf4 27. Rf1 Qe5 28. Rxf4 Qxf4 29. Qf3 Qc1+ 0-1

[Event "Dubna op"]
[Site "Dubna"]
[Date "2007.08.11"]
[Round "13"]
[White "Sepp, Yuri"]
[Black "Shutov, Boris"]
[Result "1-0"]
[WhiteElo "1997"]
[BlackElo "1955"]
[PlyCount "83"]
[EventDate "2007.08.02"]
[EventType "swiss"]
[EventRounds "14"]
[EventCountry "RUS"]
[SourceTitle "EXT 2008"]
[Source "ChessBase"]
[SourceDate "2007.11.25"]
[SourceVersion "1"]
[SourceVersionDate "2007.11.25"]
[SourceQuality "1"]

1. e4 e6 2. d4 d5 3. e5 c5 4. c3 Nc6 5. Nf3 Qb6 6. a3 cxd4 7. cxd4 Nge7 8. Bd3 Nf5 9. Bxf5 exf5 10. Nc3 Be6 11. 0-0 Be7 12. b4 h6 13. Na4 Qd8 14. Nc5 b6 15. Nxe6 fxe6 16. Bd2 a6 17. Rc1 Rc8 18. Qa4 Qd7 19. Qxa6 Rb8 20. Rc2 Na7 21. Rfc1 Rb7 22. Qd3 Kf7 23. Ne1 g5 24. Qb3 Nb5 25. Bc3 Rc7 26. Bb2 Rhc8 27. a4 Na7 28. b5 g4 29. Rxc7 Rxc7 30. Rxc7 Qxc7 31. Qc3 Qxc3 32. Bxc3 Ke8 33. Nd3 Bg5 34. Kf1 Kd7 35. Ke2 Be7 36. Bd2 Bf8 37. Kd1 Ke8 38. Kc2 Kd7 39. Kb3 Nc8 40. Bb4 Bxb4 41. Kxb4 Ne7 42. Nf4 1-0